| 000 | 00892cab a2200253 4500 | ||
|---|---|---|---|
| 001 | ABS45362 | ||
| 008 | 090401t1991 xxu||||| |||| 00| 0 eng d | ||
| 035 | _a(Sirsi) u52540 | ||
| 041 | _aeng | ||
| 100 | _aLizieri, C. | ||
| 245 | _aValuation accuracy : a contribution to the debate | ||
| 260 | _c1991 | ||
| 350 | _a0 | ||
| 490 |
_aJournal of Property Research _v8(2) Summer 1991, 115-122(5) |
||
| 520 | _aRe-examines the statistical robustness of regression-based analysis of valuations and sales data to show the efficiency of the valuation process n and suggests that it is flawed. Some suggestions as to revised valuation practice are proposed. | ||
| 650 | _aREGRESSION ANALYSIS | ||
| 650 | _aRESEARCH | ||
| 650 | _aVALUATION METHODS | ||
| 650 |
_aValuation _96273 |
||
| 690 | _aRATING AND VALUATION | ||
| 700 | _aVenmore-Rowland, P. | ||
| 942 | _n0 | ||
| 948 | _c04/03/1997 | ||
| 999 |
_c32519 _d32519 |
||